Triedny učiteľ na strednej škole (1.)

Bibliographic Details
Main Author: Hanuliak, Ján (Author)
Format: Article
Language:Slovak
PhysicalDescription:Príl.
ISSN:1336-9849
Subjects:

MARC

LEADER 00000nab a2200000 ar4500
001 vtls010355188
003 SK-MaSNL
005 20260303213127.0
008 120502c2012 xo |r|p|||a |000 b|slo
015 |a SNBRB2012/05 
038 |a SPK 
040 |a SPKCL  |b slo  |c AACR2  |e AACR2 
041 0 |a slo  |b slo 
044 |a xo  |c SK 
072 7 |a 373.5/.6  |x Stredné školy  |2 konspekt 
072 7 |a 371  |x Školstvo (organizácia)  |2 konspekt 
080 |a 373.5  |2 2001 
080 |a 371.213.1  |2 2001 
100 1 |a Hanuliak, Ján  |4 aut  |9 505917 
245 1 0 |a Triedny učiteľ na strednej škole  |n (1.)  |c Ján Hanuliak 
300 |b Príl. 
546 |a Res. slov. 
650 0 7 |a stredné školy  |2 snkbucl  |9 1279 
650 0 7 |a triedni učitelia  |2 snkbucl  |9 86788 
773 0 |t Manažment školy : odborný mesačník pre manažment škôl, školských a predškolských zariadení  |g Roč. 7, č. 3(2012), s. 5-11  |x 1336-9849 
852 |a SPK  |b KIS3GCP 
999 |c 2210744  |d 2212674